Normal view
MARC view
- Sae, Sultan, W. Kenneth
Entry Personal Name
001 - CONTROL NUMBER
- control field: 67059
003 - CONTROL NUMBER IDENTIFIER
- control field: NUST
005 - DATE AND TIME OF LATEST TRANSACTION
- control field: 20210628203729.0
008 - FIXED-LENGTH DATA ELEMENTS
- fixed length control field: 210628|| aca||aabn | a|a d
040 ## - CATALOGING SOURCE
- Original cataloging agency: NUST
- Transcribing agency: NUST
100 ## - HEADING--PERSONAL NAME
- Personal name: Sae, Sultan, W. Kenneth
670 ## - SOURCE DATA FOUND
- Source citation: Work cat.: (NUST): Sae, Sultan, W. Kenneth, Manufaturing the allison world transmission the fourth v.f braun lecture sp-881, 1991
